| 000 | 00511nam a2200169 4500 | ||
|---|---|---|---|
| 001 | 126435 | ||
| 003 | ES-MaACL | ||
| 005 | 20260201171943.0 | ||
| 007 | t| | ||
| 008 | 070214s1969 sp r ||||1| spa d | ||
| 245 | 0 | 0 |
_aPara renovar la Penitencia y la Confesión / _cF. Sebastián... [et al.]. |
| 260 |
_aMadrid : _bPropaganda Popular Católica, _c1969. |
||
| 300 |
_a189 p. ; _c22 cm. |
||
| 700 | 0 |
_aSebastián Aguilar, Fernando _9105013 |
|
| 852 |
_aES-MaACL _jC-47418 _bR.71452 |
||
| 999 |
_c126435 _d126435 |
||